Čierne srdce /
Príbeh odvahy, lásky a zrady od jedného z najznámejších autorov dobrodružnej literatúry viktoriánskeho obdobia. Dobrodruh a lovec Filip Hadden - muž s čiernym srdcom, sa v napätých časoch vojny medzi Britániou a kráľovstvom Zulu postupne zamotáva do splete intríg, mágie, lásky a zrady v tejto africk...
Uloženo v:
| Hlavní autor: | |
|---|---|
| Médium: | E-kniha |
| Jazyk: | Czech |
| Vydáno: |
Praha :
Zabudnuté knihy,
2026
|
| Tagy: |
Žádné tagy |
| LEADER | 01439nam a22002297i 4500 | ||
|---|---|---|---|
| 001 | 314011 | ||
| 007 | ta | ||
| 008 | 260702s2026 xr ||||| |||| 00| 0 cze d | ||
| 020 | |a 9990004281004 | ||
| 044 | |a xr | ||
| 100 | 1 | |a Haggard, Henry Rider |4 aut | |
| 245 | 1 | 0 | |a Čierne srdce / |c Haggard, Henry Rider |
| 264 | 1 | |a Praha : |b Zabudnuté knihy, |c 2026 | |
| 300 | |a 1 online zdroj (100 stran) | ||
| 336 | |a text |b txt |2 rdacontent | ||
| 337 | |a bez média |b n |2 rdamedia | ||
| 338 | |a online zdroj |b cr |2 rdacarrier | ||
| 520 | 2 | |a Príbeh odvahy, lásky a zrady od jedného z najznámejších autorov dobrodružnej literatúry viktoriánskeho obdobia. Dobrodruh a lovec Filip Hadden - muž s čiernym srdcom, sa v napätých časoch vojny medzi Britániou a kráľovstvom Zulu postupne zamotáva do splete intríg, mágie, lásky a zrady v tejto africkej krajine. Dobrodružný príbeh od Henryho Haggarda, autora knihy Bane kráľa Šalamúna. Text bol digitalizovaný z pôvodného vydania a boli v ňom vykonané minimálne štylistické a gramatické úpravy. | |
| 910 | |a RBIT002 | ||
| 998 | |d 428100 |a https://core.palmknihy.cz/api/books/428100/cover?thgchs |b https://core.palmknihy.cz/api/books/428100/cover/400?thgchs |c https://core.palmknihy.cz/api/books/428100/cover/50?thgchs |e |g 100 |i 9990004281004 |j https://core.palmknihy.cz/api/books/428100/preview.epub |l |q 49 |r 1 |s https://www.palmknihy.cz/kniha/428100 |t ebook |y 2026 |z 1 | ||
| 999 | |d 314009 | ||